Têtes de listes françaises aux élections européennes 2024 - Clic Quiz - Statistiques

Statistiques générales
  • Ce quiz a été pris 608 fois
  • Le résultat moyen est 11 sur 38
Statistiques - réponses
Hint Réponse % Correct
Jordan Bardella Rassemblement national
95%
Marion Maréchal Reconquête
91%
Manon Aubry La France insoumise
90%
Raphaël Glucksmann Parti socialiste
83%
François-Xavier Bellamy Les Républicains
82%
Marie Toussaint Europe Ecologie Les Verts
67%
Nathalie Arthaud Lutte ouvrière
67%
Valérie Hayer Ensemble
63%
Léon Deffontaines Parti communiste français
59%
Florian Philippot Les Patriotes
44%
Hélène Thouy Parti animaliste
43%
Jean Lassalle Résistons
43%
Nagib Azergui Union des démocrates musulmans français
35%
François Asselineau Union populaire républicaine
33%
Jean-Marc Governatori Écologie au centre
23%
Selma Labib Nouveau Parti anticapitaliste
17%
Pierre Larrouturou Nouvelle Donne
17%
Georges Kuzmanovic République souveraine
15%
Charles Hoareau Association nationale des communistes
13%
Francis Lalanne France libre
13%
Marine Cholley Equinoxe
12%
Guillaume Lacroix Parti radical de gauche
12%
Caroline Zorn Parti pirate
10%
Yann Wehrling Écologie positive
9%
Pierre-Marie Bonneau Les Nationalistes
9%
Gaël Coste-Meunier Défendre les enfants
8%
Philippe Ponge Décidons nous-mêmes !
7%
Hadama Traoré Démocratie représentative
7%
Michel Simonin Écologie politique, pacifisme et objection de croissance
7%
Laure Patas d’Illiers Europe Démocratie Espéranto
7%
Lorys Elmayan La Ruche citoyenne
6%
Léopold-Edouard Deher-Lesaint Changement citoyen
5%
Camille Adoue Parti des travailleurs
5%
Patrice Grudé Liberté démocratique française
4%
Audric Alexandre Parti des citoyens européens
4%
Jean-Marc Fortané Fédération citoyenne
3%
Olivier Terrien Parti révolutionnaire Communistes
3%
Édouard Husson Rester libre
2%
Aucun quiz correspondant
Distribution des résultats
% des personnes avec chaque résultat
Percentile par nombre de réponses
Votre historique - résultats
Vous n’avez pas pris ce quiz